ბათუმის შოთა რუსთაველის სახელმწიფო უნივერსიტეტის ბიბლიოთეკა

სამშობლო და მამულიშვილობა / (ბიბ.ჩანაწერი № 59726)

000 -ლიდერი
ფიქსირებული სიგრძის საკონტროლო ველი 00869nam a22001817a 4500
003 - საკონტროლო ნომრის იდენტიფიკატორი
საკონტროლო ველი Ge_BSU
005 - ბოლო ოპერაციის თარიღი და დრო
საკონტროლო ველი 20230407110948.0
008 - ფიქსირებული სიგრძის მონაცემთა ელემენტები - ზოგადი ინფორმაცია
ფიქსირებული სიგრძის საკონტროლო ველი 230407s1990 ge ||||| |||| 00| 0 geo d
041 ## - ენის კოდი
Language code of text/sound track or separate title geo
080 ## - უნივერსალური ათობითი კლასიფიკაციის ინდექსი
Universal Decimal Classification number 316(479.22) +821.353.1-92 ჯ-72
100 ## - მთავარი ჩანაწერი - პიროვნების სახელი
Personal name ჯორჯაძე, არჩილ
9 (RLIN) 17539
245 ## - ცნობა სათაურის შესახებ
Title სამშობლო და მამულიშვილობა /
Statement of responsibility, etc არჩილ ჯორჯაძე ; [შემდგ.-რედ.: ე. კოდუა].
264 ## - წარმოების, გამოცემის, დისტრიბუციის და სხვა ცნობები
გამოცემის, წარმოების, დისტრიბუციის... ადგილი თბილისი :
გამოცემის, წარმოების, დისტრიბუციის... სახელწოდება თბილ. უნ-ტის გამ-ბა,
გამოცემის, წარმოების, დისტრიბუციის... თარიღი 1990.
300 ## - ფიზიკური აღწერა
Extent 366გვ. ;
Other physical details 19სმ.
653 ## - INDEX TERM--UNCONTROLLED
Uncontrolled term საზოგადოებრივი აზრის ისტორია საქართველოში
700 ## - ADDED ENTRY--PERSONAL NAME
Personal name კოდუა, ე.
Relator term შემდგენელ-რედაქტორი
9 (RLIN) 754
942 ## - ADDED ENTRY ELEMENTS (KOHA)
Source of classification or shelving scheme
Koha item type წიგნი
ეგზემპლარები
ჩამოწერის სტატუსი დაკარგული ეგზემპლარის სტატუსი კლასიფიკაციის წყარო ან თაროზე გაწყობის სქემა დაზიანების სტატუსი არ გაიცემა მუდმივი მდებარეობა (დაცვის ადგილი) ამჟამინდელი ადგილსამყოფელი თაროზე განთავსების ადგილი შეძენის თარიღი ღირებულება, შესყიდვის ნორმალური ფასი სრული შენახვის შიფრი შტრიხკოდი ბოლო ოპერაციის თარიღი ეგზემპლარის მიმდევრობითი ნომერი (კეტერი?) Uniform Resource Identifier ფასის ძალაში შესვლის თარიღი ეგზემპლარის სახეობა საჯარო შენიშვნა
          ბათუმის შოთა რუსთაველის სახელმწიფო უნივერსიტეტის მთავარი ბიბლიოთეკა ბათუმის შოთა რუსთაველის სახელმწიფო უნივერსიტეტის მთავარი ბიბლიოთეკა წიგნსაცავი 2023-04-07 8.00 316(479.22) +821.353.1-92 ჯ-72 64193 2023-04-07 64193 ბსუ-ს საპატიო დოქტორის გურამ ლორთქიფანიძის საჩუქარი 2023-04-07 წიგნი 8 ლ.